| 000 | 004780000a22001810004500 | ||
|---|---|---|---|
| 003 | MACL | ||
| 005 | 20160119173359.0 | ||
| 008 | 160119b xxu||||| |||| 00| 0 eng d | ||
| 040 |
_aMACL _cMACL |
||
| 041 | _aEnglish | ||
| 082 | _a005.133/HOU | ||
| 100 |
_aHolmes, B. J. _933399 |
||
| 245 |
_aStructured Programming In COBOL _bed. 2nd |
||
| 260 |
_bBPB Publications _c1995 _aNew Delhi |
||
| 350 | _a99 | ||
| 650 |
_aComputer Programming _920374 |
||
| 942 |
_cBK _k005.133/HOL _2ddc |
||
| 999 |
_c33664 _d33664 |
||